Antología personal (Registro nro. 44828)

Detalles MARC
000 -ENCABEZADO
Número de control [NR] 00586nam a2200193Ia 4500
008 - DE LONGITUD FIJA DE DATOS DE ELEMENTOS - INFORMACIÓN GENERAL
Elementos de longitud fija [NR] 130821s1988 sp gr spa
020 ## - NUMERO INTERNACIONAL NORMALIZADO PARA LIBROS [R]
Número Internacional Normalizado del libro [NR] 8420603538
040 ## - FUENTE DE CATALOGACION [NR]
Agencia de catalogación original [NR] Co-BoUCM
Idioma de catalogación [NR] spa
041 00 - CODIGO DE IDIOMA [R]
Código de idioma para texto/pista de sonido o título separado [R] Español
100 1# - ASIENTO PRINCIPAL--NOMBRE PERSONAL [NR]
Nombre personal [NR] Rulfo, Juan.
Fechas asociadas con el nombre [NR] 1918-1986.
ID Autoridad 59835
245 10 - MENCION DE TITULO [NR]
Título [NR] Antología personal
Mención de responsabilidad, etc. [NR] Juan Rulfo
260 ## - PUBLICACION, DISTRIBUCION, ETC. (PIE DE IMPRENTA) [R]
Lugar de publicación, distribución, etc. [R] Madrid (España)
Nombre del editor, distribuidor, etc. [R] Alianza Editorial
Fecha de publicación, distribución, etc. [R] 1988
300 ## - DESCRIPCION FISICA [R]
Extensión [R] 158 páginas
490 ## - MENCION DE SERIE [R]
Mención de serie [R] Literatura
Designación numérica/secuencial del volumen [NR] 1353.
650 04 - ASIENTO SECUNDARIO DE MATERIA - TERMINO TEMATICO [R]
Término temático o nombre geográfico como elemento de entrada [NR] Literatura mexicana
9 (RLIN) 18708
650 04 - ASIENTO SECUNDARIO DE MATERIA - TERMINO TEMATICO [R]
Término temático o nombre geográfico como elemento de entrada [NR] Novela mexicana
9 (RLIN) 20547
942 ## - ELEMENTOS DE ENTRADA AGREGADOS (KOHA)
Tipo de ítem principal el descrito en 300a Libro
Tema principal Literatura
Edición 1
Prefijo de la signatura top. (colección) Literatura - México
Parte restante de la signatura top. R935a
Sistema de clasificación DEWEY
Clasificación 863.4
Existencias
Fecha de último préstamo Total préstamos Total Renewals Signatura topográfica Código de barras Última vez visto Ejemplar Price effective from Tipo de ítem Perdido Sistema de clasificación Dañado No prestable Tipo de ítem específico Suprimido Ubicación habitual Ubicación actual Localización Fecha de creación Forma de adquisición Costo
17/09/2024 10 4 M 863.4 R935a 100070686 09/12/2025 Ej.1 03/02/2013 Libro   DEWEY     Libro   Claustro Claustro 2do piso 28/02/2004 Compra 33000.00